00629nam a2200217Ia 4500008004100000020001800041050001400059100001600073245002400089245004700113260001500160260002400175260000900199300001500208300002700223300001000250440001900260500000800279999001900287952010500306170918s9999 xx 000 0 und d a9780439895965 bK641 2009 aKlein, Abby aReady, set, snow! / cAbby Klein ; illustrated by John McKinley. aNew York : bThe blue sky press. c2009 a94 pages : bcolored illustration ; c19cm. aReady, Freddy! a500 c341523d341523 001040aSSISMbSSISMd2017-09-18l0oLEX K641 2009pSSISM0595r2017-09-18 00:00:00w2017-09-18yLEX